000 00972cam a22002411i 4500
003 SA-RiAUC
005 20260127134957.0
008 260126s2007 ||| g 000 0 ara c
040 _aSA-JeALM
_bara
_cSA-RiAUC
_erda
082 0 4 _a213
090 _a213
_bا ب ن ح
100 1 _aابن حفيظ، عمر بن محمد بن سالم،
_d1383 هجري-
_eمؤلف.
245 1 0 _aمملكة القلب والأعضاء /
_cالحبيب عمر بن محمد بن سالم بن حفيظ.
250 _aالطبعة الاولى.
264 1 _aأبوظبي - الامارات العربية المتحدة :
_aتريم - اليمن :
_bدار الفقيه،
_c2007
300 _a200 صفحة
_c24 سم.
336 _aنص
_btxt
_2rdacontent
_3كتاب
337 _aبدون وسيط
_bn
_2rdamedia
650 7 _aالدعوة الإسلامية
_2aucsh
650 7 _aالوعظ والإرشاد
_2aucsh
942 _2ddc
_cBOOK
_n0
949 _aSA-JeALM
_d260126
_uosman123
_n1
999 _c14195
_d14195